| 000 | 01055cab a22002295a 4500 | ||
|---|---|---|---|
| 001 | L142334 | ||
| 008 | 080206e20080202xxk f 000 0 eng d | ||
| 035 | _a(Sirsi) u142334 | ||
| 041 | 0 | _aeng | |
| 100 | 1 | _aNealy, Jon | |
| 245 | 0 | 0 |
_aEG _bIndustrial |
| 260 | _c2008 | ||
| 490 |
_aEstates Gazette _v(0804) 2 February 2008, 99-119(15) |
||
| 520 | _aReports on trends and major projects in industrial property. Examines the infrastructural and ecological benefits of moving freight from road to rail, and addresses obstacles associated with this. Suggests that the market for industrial property may see value returning in 2008. Takeup at Heathrow was disappointing in 2007, but agents and landlords have expressed optimism. Reports on the possibilities offered by multi-level warehouses, and asks whether the property market is ready for such an idea. | ||
| 590 | _aKA | ||
| 651 | 4 |
_aUnited Kingdom _y |
|
| 690 | _aPROPERTY-INDUSTRIAL PROPERTY | ||
| 700 | 1 | _aMorrison, Adrian | |
| 700 | 1 | _aHarris, David | |
| 700 | 1 | _aClift, Patrick | |
| 942 | _n0 | ||
| 999 |
_c79777 _d79777 |
||